The Role of the school stake holders in implementation of strategic plans in public secondary schools in Migwani District, Kenya / (Record no. 1782)
[ view plain ]
| 000 -LEADER | |
|---|---|
| fixed length control field | 00804cam a22002052 4500 |
| 001 - CONTROL NUMBER | |
| control field | 0000025011 |
| 005 - DATE AND TIME OF LATEST TRANSACTION | |
| control field | 20151021153303.0 |
| 008 - FIXED-LENGTH DATA ELEMENTS--GENERAL INFORMATION | |
| fixed length control field | 140416s xx 000 0 eng d |
| 040 ## - CATALOGING SOURCE | |
| Original cataloging agency | KABU |
| Transcribing agency | KABU |
| 100 1# - MAIN ENTRY--PERSONAL NAME | |
| Personal name | Mwendwa, Wambua Geoffrey. |
| -- | 0000185380 |
| 245 14 - TITLE STATEMENT | |
| Title | The Role of the school stake holders in implementation of strategic plans in public secondary schools in Migwani District, Kenya / |
| Statement of responsibility, etc. | Wambua Geoffrey Mwendwa. |
| 250 ## - EDITION STATEMENT | |
| Edition statement | 1st ed. |
| 260 ## - PUBLICATION, DISTRIBUTION, ETC. (IMPRINT) | |
| Place of publication, distribution, etc. | Nakuru : |
| Name of publisher, distributor, etc. | Kabarak University, |
| Date of publication, distribution, etc. | 2012. |
| 300 ## - PHYSICAL DESCRIPTION | |
| Extent | xiv, 56 leaves. + |
| Accompanying material | 1 CD-ROM. |
| 502 ## - DISSERTATION NOTE | |
| Dissertation note | Thesis (MBA) - Kabarak University, 2012. |
| 650 #0 - SUBJECT ADDED ENTRY--TOPICAL TERM | |
| Topical term or geographic name as entry element | School management and organization |
| Geographic subdivision | Migwani District, Kenya. |
| -- | 0000185381 |
| 908 ## - PUT COMMAND PARAMETER (RLIN) | |
| Put command parameter | 140416 |
| 950 ## - LOCAL HOLDINGS (RLIN) | |
| -- | 1 |
| Withdrawn status | Lost status | Source of classification or shelving scheme | Not for loan | Home library | Current library | Date acquired | Total Checkouts | Full call number | Barcode | Date last seen | Copy number | Price effective from | Koha item type |
|---|---|---|---|---|---|---|---|---|---|---|---|---|---|
| Library of Congress Classification | Kabarak, Nakuru City Campus | Kabarak, Nakuru City Campus | 21/10/2015 | LB2970 .K4M94 2013 c. 2 | 016539 | 21/10/2015 | c. 2 | 21/10/2015 | Thesis, Dissertation and Projecs |